01264nam a2200337 a 450000100060000000300080000600500170001400600190003100700150005000800410006502000180010603500230012403500240014703500250017103500220019604000260021805000220024408000190026608200170028524501490030226000390045130000110049053301640050165000520066565000320071765000380074965500270078770000310081471000190084585600620086468274FlNmELB20241217142900.0m o d | cr cn|||||||||130906s2007 sp s 000 0 spa d z9788490293768 a(MiAaPQ)EBC3209033 a(Au-PeEL)EBL3209033 a(CaPaEBR)ebr10664777 a(OCoLC)1010634202 aFlNmELBbspacFlNmELB 4aT58.5bE6124 2007 a004:316.42(72)04a303.483422300aEntre escotomas y fosfenosh[recurso electronico]bobservatorio mexicano de tecnociencia y ciberculturas /cMartín Mora Martínez . [et al.]. aBarcelona :bEditorial UOC,c2007. a201 p. aRecurso electrónico. Santa Fe, Arg.: e-libro, 2015. Disponible vía World Wide Web. El acceso puede estar limitado para las bibliotecas afiliadas a e-libro. 0aInformation technologyxSocial aspectszMexico. 0aComputers and civilization. 4aTecnología de la información. 4aLibros electrónicos.1 aMora Martínez, Martín.2 ae-libro, Corp.40uhttps://elibro.net/ereader/politecnicointernacional/56382